000 00757nam a2200253Ia 4500
003 OSt
005 20221006153710.0
006 a|||||r|||| 00| 0
007 ta
008 221006b |||||||| |||| 00| 0 eng d
020 _a0824818016
024 _a33,082
037 _bGift, Japan Foundation
_cAnnuals, Advances
040 _aEASL
_cEASL
_beng
041 _2eng
_aeng
082 _aO42:g, N7
100 _aBARGEN Doris G. Au.
_9665002
245 0 _aWoman's weapon
_bSpirit possession in the tale of genji
260 _aHonolulu
_bUniversity of Hawai'i press
_c1997
300 _axx,380p.
_ccm.
490 _v JEL
942 _hO42:g, N7
_cREF
_2CC
999 _c1101168
_d1101168